<?xml version="1.0" encoding="UTF-8"?>
<record
    xmlns:xsi="http://www.w3.org/2001/XMLSchema-instance"
    xsi:schemaLocation="http://www.loc.gov/MARC21/slim http://www.loc.gov/standards/marcxml/schema/MARC21slim.xsd"
    xmlns="http://www.loc.gov/MARC21/slim">

  <leader>02969nam a2200337 i 4500</leader>
  <controlfield tag="003">CSPC</controlfield>
  <controlfield tag="005">20250904160410.0</controlfield>
  <controlfield tag="008">250904s2024    ph a     b    000 0 eng d</controlfield>
  <datafield tag="040" ind1=" " ind2=" ">
    <subfield code="a">CSPC</subfield>
    <subfield code="b">eng</subfield>
    <subfield code="c">CSPC</subfield>
    <subfield code="e">rda</subfield>
  </datafield>
  <datafield tag="090" ind1=" " ind2=" ">
    <subfield code="a">UTH BSOA L473e</subfield>
  </datafield>
  <datafield tag="100" ind1="1" ind2=" ">
    <subfield code="a">Leal, Alexander R.,</subfield>
    <subfield code="e">author.</subfield>
  </datafield>
  <datafield tag="245" ind1="1" ind2="3">
    <subfield code="a">An evaluation of the BSOA curriculum and teaching methods in Bachelor of Science in Office Administration program : students' perspective / </subfield>
    <subfield code="c">Alexander R. Leal, Janeth T. Lumabas, Sean Vincent Neo S. Marasigan, Ma. Gina Rose M. Moran, Florian A. Morante.</subfield>
  </datafield>
  <datafield tag="260" ind1=" " ind2=" ">
    <subfield code="a">Buhi, Camarines Sur :</subfield>
    <subfield code="b">Camarines Sur Polytechnic Colleges,</subfield>
    <subfield code="c">2024.</subfield>
  </datafield>
  <datafield tag="300" ind1=" " ind2=" ">
    <subfield code="a">117 leaves :</subfield>
  </datafield>
  <datafield tag="336" ind1=" " ind2=" ">
    <subfield code="2">rdacontent</subfield>
    <subfield code="a">text</subfield>
  </datafield>
  <datafield tag="337" ind1=" " ind2=" ">
    <subfield code="2">rdamedia</subfield>
    <subfield code="a">unmediated</subfield>
  </datafield>
  <datafield tag="338" ind1=" " ind2=" ">
    <subfield code="2">rdacarrier</subfield>
    <subfield code="a">volume</subfield>
  </datafield>
  <datafield tag="502" ind1=" " ind2=" ">
    <subfield code="a">Undergraduate Thesis (BSOA) - Office Administration</subfield>
    <subfield code="c">Camarines Sur Polytechnic Colleges, 2024.</subfield>
  </datafield>
  <datafield tag="504" ind1=" " ind2=" ">
    <subfield code="a">Includes bibliographical references. </subfield>
  </datafield>
  <datafield tag="520" ind1=" " ind2=" ">
    <subfield code="b"> The Bachelor of Science in Office Administration Program equates students with the knowledge and skills necessary to excel in this field. The effectiveness of the curriculum and teaching methods used in the program is essential to ensuring that the students are adequately prepared for the profession's demands, This study assessed students' perceptions of the program's curriculum and teaching methodologies. Two hundred (200) 2nd to 4th-year students enrolled in the Bachelor of Science in Office Administration at Camarines Sur Polytechnic Colleges- Buhi Campus, who were systematically chosen, served as the respondents. The research employed a Descriptive  Method, utilizing research made survey questionnaire for data collection, with data interpretation based on weighted mean analysis. Findings revealed a predominantly young and female respondent population, with the third-year level having the highest representation. The result showed that students perceived the course relevance, teaching approach, course requirements, and syllabus content positively. Furthermore, faculty expertise, student engamement, assessment conduct subject matter delivery, instructional materials, and mechanism were also rated highly. Based on the findings, it was recommended that open communication between students and instructors, strong support for learning activities, integration of technology in teaching methods, focus on practical experiences, and the enhancement of students with relevant skills for the workplace should be enhanced.</subfield>
  </datafield>
  <datafield tag="700" ind1="1" ind2=" ">
    <subfield code="a">Lumabas, Janeth T.,</subfield>
    <subfield code="e">author.</subfield>
  </datafield>
  <datafield tag="700" ind1="1" ind2=" ">
    <subfield code="a">Marasigan, Sean Vincent Neo S.,</subfield>
    <subfield code="e">author.</subfield>
  </datafield>
  <datafield tag="700" ind1="1" ind2=" ">
    <subfield code="a">Moran, Ma. Gina Rose M.,</subfield>
    <subfield code="e">author.</subfield>
  </datafield>
  <datafield tag="700" ind1="1" ind2=" ">
    <subfield code="a">Morante, Florian A.,</subfield>
  </datafield>
  <datafield tag="720" ind1="1" ind2=" ">
    <subfield code="a">Villar, Mariber M.,</subfield>
    <subfield code="e">adviser.</subfield>
  </datafield>
  <datafield tag="720" ind1="1" ind2=" ">
    <subfield code="a">Oliveros, Josefin O.,</subfield>
    <subfield code="e">panelist, chair.</subfield>
  </datafield>
  <datafield tag="720" ind1="1" ind2=" ">
    <subfield code="a">Infante, Leonisa O.,</subfield>
    <subfield code="e">panelist, member</subfield>
  </datafield>
  <datafield tag="720" ind1="1" ind2=" ">
    <subfield code="a">Luzon, April V.,</subfield>
    <subfield code="e">panelist, member</subfield>
  </datafield>
  <datafield tag="942" ind1=" " ind2=" ">
    <subfield code="2">ddc</subfield>
    <subfield code="n">0</subfield>
    <subfield code="c">UM</subfield>
    <subfield code="h">L473e</subfield>
    <subfield code="i">BSOA</subfield>
    <subfield code="k">UTH</subfield>
    <subfield code="m">2024</subfield>
  </datafield>
  <datafield tag="952" ind1=" " ind2=" ">
    <subfield code="0">0</subfield>
    <subfield code="1">0</subfield>
    <subfield code="2">ddc</subfield>
    <subfield code="4">0</subfield>
    <subfield code="7">1</subfield>
    <subfield code="a">BUHI</subfield>
    <subfield code="b">BUHI</subfield>
    <subfield code="c">UTH</subfield>
    <subfield code="d">2025-09-04</subfield>
    <subfield code="l">0</subfield>
    <subfield code="o">UTH BSOA L473e 2024</subfield>
    <subfield code="p">00235UM-BUH</subfield>
    <subfield code="r">2025-09-04 00:00:00</subfield>
    <subfield code="t">1-1</subfield>
    <subfield code="w">2025-09-04</subfield>
    <subfield code="y">UM</subfield>
  </datafield>
  <datafield tag="999" ind1=" " ind2=" ">
    <subfield code="c">30315</subfield>
    <subfield code="d">30315</subfield>
  </datafield>
</record>
